Basics of information and communication technology: ESE-2020 prelims paper-I [4th ed.] (Record no. 57067)
[ view plain ]
| 000 -LEADER | |
|---|---|
| fixed length control field | 00646nam a2200205Ia 4500 |
| 005 - DATE AND TIME OF LATEST TRANSACTION | |
| control field | 20260603120908.0 |
| 008 - FIXED-LENGTH DATA ELEMENTS--GENERAL INFORMATION | |
| fixed length control field | 260603s9999||||xx |||||||||||||| ||und|| |
| 020 ## - INTERNATIONAL STANDARD BOOK NUMBER | |
| International Standard Book Number | 9789388080286 |
| 020 ## - INTERNATIONAL STANDARD BOOK NUMBER | |
| Qualifying information | pbk |
| 082 ## - DEWEY DECIMAL CLASSIFICATION NUMBER | |
| Classification number | 351.076620 |
| Item number | IES.4E |
| 100 ## - MAIN ENTRY--PERSONAL NAME | |
| Personal name | IES Master Publication |
| 245 #0 - TITLE STATEMENT | |
| Title | Basics of information and communication technology: ESE-2020 prelims paper-I [4th ed.] |
| 250 ## - EDITION STATEMENT | |
| Edition statement | 4th ed. |
| 260 ## - PUBLICATION, DISTRIBUTION, ETC. | |
| Place of publication, distribution, etc. | New Delhi |
| Name of publisher, distributor, etc. | IES Master Publication |
| Date of publication, distribution, etc. | 2019 |
| 300 ## - PHYSICAL DESCRIPTION | |
| Extent | ix, 265p. ; 27cm. |
| 653 ## - INDEX TERM--UNCONTROLLED | |
| Uncontrolled term | Competitive exams |
| 653 ## - INDEX TERM--UNCONTROLLED | |
| Uncontrolled term | Computer science and engineering |
| 653 ## - INDEX TERM--UNCONTROLLED | |
| Uncontrolled term | Information technology Problems, exercises, etc |
| 942 ## - ADDED ENTRY ELEMENTS (KOHA) | |
| Koha item type | Book |
| Withdrawn status | Lost status | Damaged status | Not for loan | Collection code | Home library | Current library | Shelving location | Date acquired | Source of acquisition | Total Checkouts | Full call number | Barcode | Date last seen | Price effective from | Koha item type |
|---|---|---|---|---|---|---|---|---|---|---|---|---|---|---|---|
| Competitive Exam Collection | LRC, IIT Indore | LRC, IIT Indore | 2nd Floor - Competitive Exam Collection | 03/06/2026 | Gratis Book Price: INR 300.00 | 351.076620 IES.4E | G2840 | 03/06/2026 | 03/06/2026 | Competitive Exam Collection |
